[Event "Wachtebeke-B"]
[Site "Wachtebeke"]
[Date "2020.02.25"]
[Round "6"]
[White "Roels, Frederik"]
[Black "Vandendriessche, Jan"]
[Result "1-0"]
[WhiteElo "1935"]
[BlackElo "2067"]
[PlyCount "105"]
[EventDate "2020.02.22"]
[EventType "tourn"]
[EventRounds "9"]
[EventCountry "BEL"]
[SourceTitle "CBM 195 Extra"]
[Source "ChessBase"]
[SourceDate "2020.05.31"]
[SourceVersion "1"]
[SourceVersionDate "2020.05.31"]
[SourceQuality "1"]

1. d4 g6 2. c4 Bg7 3. Nc3 d6 4. e4 Nf6 5. f3 0-0 6. Bd3 Nc6 7. Nge2 e5 8. d5 Nd4 9. Be3 Nd7 10. Qd2 c5 11. Bg5 Bf6 12. h4 a6 13. Nd1 b5 14. Nf2 h5 15. Nxd4 exd4 16. f4 bxc4 17. Bxc4 Nb6 18. Be2 Re8 19. Qd1 Kg7 20. a4 a5 21. Kf1 c4 22. g4 d3 23. Bf3 hxg4 24. Bxg4 Bxg5 25. hxg5 f6 26. f5 Rh8 27. Qf3 Rxh1+ 28. Qxh1 fxg5 29. fxg6 Kxg6 30. Bf5+ Bxf5 31. exf5+ Kg7 32. Qe4 Qe8 33. Qd4+ Qe5 34. Qxb6 Qe2+ 35. Kg2 Rf8 36. Qd4+ Rf6 37. Rc1 g4 38. Rxc4 Qf3+ 39. Kf1 g3 40. Qg4+ Qxg4 41. Rxg4+ Kf7 42. Rxg3 Rxf5 43. Rxd3 Rf4 44. b3 Kf6 45. Ke2 Ke5 46. Nd1 Rh4 47. Kd2 Rh2+ 48. Kc3 Rh4 49. Nb2 Rh1 50. Nc4+ Ke4 51. Nxd6+ Ke5 52. Nc4+ Ke4 53. Rd4+ 1-0

[Event "Wachtebeke-B+"]
[Site "Wachtebeke"]
[Date "2020.02.24"]
[Round "4"]
[White "Roels, Frederik"]
[Black "Woolacott, Samuel"]
[Result "1-0"]
[WhiteElo "1935"]
[BlackElo "1947"]
[PlyCount "59"]
[EventDate "2020.02.22"]
[EventType "tourn"]
[EventRounds "9"]
[EventCountry "BEL"]
[SourceTitle "CBM 195 Extra"]
[Source "ChessBase"]
[SourceDate "2020.05.31"]
[SourceVersion "1"]
[SourceVersionDate "2020.05.31"]
[SourceQuality "1"]

1. d4 Nf6 2. c4 e6 3. Nf3 d5 4. cxd5 exd5 5. Nc3 Be7 6. Bg5 Nbd7 7. e3 c6 8. Bd3 0-0 9. Qc2 Re8 10. 0-0 Nf8 11. Rab1 g6 12. b4 a6 13. a4 Ne6 14. Bh4 Ng7 15. b5 axb5 16. axb5 Bf5 17. bxc6 bxc6 18. Ne5 Bxd3 19. Qxd3 Qc7 20. Rfc1 Qd6 21. Ne2 Rec8 22. Bg3 Qa3 23. Qxa3 Bxa3 24. Rxc6 Rxc6 25. Nxc6 Rc8 26. Rb8 Rxb8 27. Bxb8 Ne6 28. Nc3 Bb2 29. Ne7+ Kf8 30. Nexd5 1-0

[Event "Wachtebeke-B"]
[Site "Wachtebeke"]
[Date "2020.02.23"]
[Round "3"]
[White "Bishoen, Bob"]
[Black "Roels, Frederik"]
[Result "1-0"]
[WhiteElo "1965"]
[BlackElo "1935"]
[PlyCount "81"]
[EventDate "2020.02.22"]
[EventType "tourn"]
[EventRounds "9"]
[EventCountry "BEL"]
[SourceTitle "CBM 195 Extra"]
[Source "ChessBase"]
[SourceDate "2020.05.31"]
[SourceVersion "1"]
[SourceVersionDate "2020.05.31"]
[SourceQuality "1"]

1. Nf3 d5 2. c4 e6 3. g3 c5 4. Bg2 Nf6 5. 0-0 Be7 6. e3 0-0 7. Nc3 Nc6 8. cxd5 exd5 9. d4 Ne4 10. Ne2 c4 11. Nd2 f5 12. b3 Be6 13. bxc4 Nxd2 14. Qxd2 Bf7 15. c5 Qd7 16. a4 Bg5 17. Rb1 Bh6 18. Qb2 Rab8 19. Bd2 g5 20. f4 g4 21. a5 a6 22. Qa2 Rfd8 23. Rb6 Rbc8 24. Rfb1 Rc7 25. Qb3 Rb8 26. Qa2 Bg7 27. Bf1 h5 28. Kf2 Re8 29. Qb3 Re7 30. Qd3 h4 31. Bg2 Bf6 32. Nc1 Kg7 33. Qc3 Qe8 34. Nd3 Nxd4 35. exd4 Re2+ 36. Kg1 Rxg2+ 37. Kxg2 Qe2+ 38. Nf2 Rxc5 39. Qe3 h3+ 40. Kg1 Qc4 41. Rxf6 1-0

[Event "Charleroi op"]
[Site "Roux"]
[Date "2019.08.02"]
[Round "8"]
[White "Uhoda, Philippe"]
[Black "Roels, Frederik"]
[Result "1/2-1/2"]
[WhiteElo "2062"]
[BlackElo "1944"]
[PlyCount "42"]
[EventDate "2019.07.27"]
[EventType "swiss"]
[EventRounds "9"]
[EventCountry "BEL"]
[SourceTitle "CBM 191 Extra"]
[Source "ChessBase"]
[SourceDate "2019.09.30"]
[SourceVersion "1"]
[SourceVersionDate "2019.09.30"]
[SourceQuality "1"]

1. d4 Nf6 2. Nf3 g6 3. Nc3 Bg7 4. e4 d6 5. Be3 0-0 6. h3 Nbd7 7. Qd2 c5 8. dxc5 Nxc5 9. Bxc5 dxc5 10. Qxd8 Rxd8 11. Bc4 e6 12. 0-0 Bd7 13. e5 Ne8 14. Bd3 Bc6 15. Be4 Bxe4 16. Nxe4 b6 17. Rfd1 f6 18. exf6 Nxf6 19. Nxf6+ Bxf6 20. c3 Kf7 21. Kf1 Ke7 1/2-1/2

[Event "Charleroi op"]
[Site "Roux"]
[Date "2019.07.30"]
[Round "5"]
[White "Roels, Frederik"]
[Black "Sclacmender, Julien"]
[Result "1/2-1/2"]
[WhiteElo "1944"]
[BlackElo "2269"]
[PlyCount "105"]
[EventDate "2019.07.27"]
[EventType "swiss"]
[EventRounds "9"]
[EventCountry "BEL"]
[SourceTitle "CBM 191 Extra"]
[Source "ChessBase"]
[SourceDate "2019.09.30"]
[SourceVersion "1"]
[SourceVersionDate "2019.09.30"]
[SourceQuality "1"]

1. d4 Nf6 2. Nf3 g6 3. g3 Bg7 4. Bg2 0-0 5. 0-0 d6 6. c4 c6 7. Nc3 a6 8. a4 a5 9. b3 Na6 10. Bb2 Qb6 11. e3 Bf5 12. Ba3 Nb4 13. Ne1 e5 14. Rc1 Rfe8 15. Bxb4 Qxb4 16. e4 Bg4 17. f3 Bc8 18. d5 Bh6 19. Rc2 cxd5 20. Nb5 Qc5+ 21. Kh1 d4 22. Nd3 Qb6 23. c5 dxc5 24. Rxc5 Nd7 25. Rc7 Nf8 26. Rc5 Nd7 27. Rc7 Nf8 28. Rc5 Ne6 29. Rxe5 Bd7 30. Nb2 Bc6 31. Nc4 Qd8 32. Rd5 Bxd5 33. exd5 Qxd5 34. Nb6 Qc5 35. Nxa8 Rxa8 36. f4 Rd8 37. f5 gxf5 38. Qh5 Bg7 39. Rxf5 Qe7 40. Na3 d3 41. Nc4 Nd4 42. Rf1 Nxb3 43. Bd5 Rf8 44. Qf5 Nc5 45. Nxa5 b6 46. Nc4 Qd7 47. Qxd7 Nxd7 48. Rd1 Nc5 49. Nxb6 Rd8 50. a5 Bd4 51. Kg2 Ne6 52. Bxe6 Bxb6 53. Bxf7+ 1/2-1/2